| 000 | 00836pam a2200277 a 4500 | ||
|---|---|---|---|
| 001 | 2233 | ||
| 005 | 20231113105725.0 | ||
| 020 | _a0803705867 | ||
| 020 | _a0803705859 | ||
| 040 |
_aDLC _cDLC _dDLC _beng |
||
| 050 | 0 | 0 |
_aPZ7.W46843 _bMasfp 1989 |
| 082 | 0 | 0 |
_a808.068 _219 |
| 100 | 1 | _aWells, Rosemary | |
| 245 | 1 | 0 |
_aMax's chocolate chicken / _cRosemary Wells. |
| 260 |
_aNew York : _bScholastic, _c1989 |
||
| 300 |
_a24 unnumbered pages : _billustrations _c19x19 cm |
||
| 505 | _aH | ||
| 520 | _aMax and his sister Ruby go on an egg hunt and vie with each other for the prize--a chocolate chicken. | ||
| 521 |
_a500 _bLexile |
||
| 521 |
_aH _bRaz-Plus |
||
| 650 | 1 |
_aRabbits _xFiction. |
|
| 650 | 1 |
_aSiblings _xFiction. |
|
| 650 | 1 |
_aEaster _xFiction. |
|
| 906 |
_a7 _bcbc _corignew _d1 _eocip _f19 _gy-gencatlg |
||
| 942 |
_2ddc _cBK _n0 |
||
| 999 |
_c2233 _d2233 |
||